[Event "CAN-ch U18"]
[Site "Windsor"]
[Date "2016.07.07"]
[Round "4.7"]
[White "Washimkar, Atharva"]
[Black "Wang, Jeffrey"]
[Result "1-0"]
[WhiteElo "1636"]
[BlackElo "1358"]
[PlyCount "69"]
[EventDate "2016.07.05"]
[EventType "swiss"]
[EventRounds "7"]
[EventCountry "CAN"]
[SourceTitle "EXT 2022"]
[Source "ChessBase"]
[SourceDate "2021.10.06"]
[SourceVersion "1"]
[SourceVersionDate "2021.10.06"]
[SourceQuality "1"]

1. e4 c5 2. Nf3 Nc6 3. d4 cxd4 4. Nxd4 g6 5. Nc3 Bg7 6. Be3 Nf6 7. Be2 0-0 8. 0-0 a6 9. Qd2 d5 10. Nxc6 bxc6 11. e5 Ng4 12. Bxg4 Bxg4 13. h3 Bf5 14. f4 Qc7 15. g4 Bd7 16. Bc5 Rfe8 17. Rae1 h5 18. Qg2 hxg4 19. hxg4 Qc8 20. Na4 Bxg4 21. Nb6 Qf5 22. Nxa8 Bh3 23. Qd2 Bxf1 24. Rxf1 Rxa8 25. Bxe7 Bh6 26. Qh2 Bf8 27. Bf6 Bc5+ 28. Kh1 Qe4+ 29. Qg2 Rb8 30. Qxe4 dxe4 31. Kg2 Rxb2 32. Rh1 Rxc2+ 33. Kg3 Bf2+ 34. Kg4 Bh4 35. Rxh4 1-0

[Event "CAN-ch U16"]
[Site "Montreal"]
[Date "2014.07.16"]
[Round "4"]
[White "Washimkar, Atharva"]
[Black "Harris, Gabriel"]
[Result "1/2-1/2"]
[WhiteElo "1765"]
[BlackElo "1325"]
[PlyCount "98"]
[EventDate "2014.07.15"]
[EventType "swiss"]
[EventRounds "7"]
[EventCountry "CAN"]
[SourceTitle "EXT 2022"]
[Source "ChessBase"]
[SourceDate "2021.10.06"]
[SourceVersion "1"]
[SourceVersionDate "2021.10.06"]
[SourceQuality "1"]

1. e4 c5 2. Nf3 d6 3. d4 cxd4 4. Nxd4 Nf6 5. Nc3 g6 6. Be3 Bg7 7. f3 Nc6 8. Qd2 0-0 9. Bc4 Bd7 10. 0-0-0 Rc8 11. Bb3 Na5 12. Kb1 Nc4 13. Bxc4 Rxc4 14. g4 Qb8 15. h4 b5 16. h5 b4 17. Nd5 Nxd5 18. exd5 a5 19. hxg6 fxg6 20. Nc6 Bxc6 21. dxc6 Qb5 22. Qh2 Qe5 23. Qxe5 Bxe5 24. c7 Rxc7 25. Bb6 Rb7 26. Bd4 Bxd4 27. Rxd4 Rxf3 28. b3 Rc7 29. Rd5 Rc5 30. Rxc5 dxc5 31. Re1 Kf7 32. c4 Rd3 33. Re5 Kf6 34. Rxc5 e5 35. Rxa5 e4 36. Kc2 Rd8 37. a3 bxa3 38. Rxa3 h5 39. gxh5 gxh5 40. Ra1 h4 41. Rf1+ Kg5 42. c5 e3 43. Rf3 Rc8 44. Kd1 Kg4 45. Ke2 h3 46. Rf7 h2 47. Rg7+ Kh3 48. Rh7+ Kg2 49. Rg7+ Kh3 1/2-1/2